SANSKRUT DNYANESHWARI (Record no. 357050)

MARC details
000 -LEADER
fixed length control field 003370000a22001570004500
005 - DATE AND TIME OF LATEST TRANSACTION
control field 20120302062547.0
040 ## - CATALOGING SOURCE
Original cataloging agency S/M
100 ## - MAIN ENTRY--PERSONAL NAME
Personal name DNYANESHWAR
245 ## - TITLE STATEMENT
Title SANSKRUT DNYANESHWARI
260 ## - PUBLICATION, DISTRIBUTION, ETC. (IMPRINT)
Place of publication, distribution, etc PUNE:M.P.OAK,1929
300 ## - PHYSICAL DESCRIPTION
Extent 298 P.
365 ## - TRADE PRICE
Price amount RS.2/-
650 ## - SUBJECT ADDED ENTRY--TOPICAL TERM
Topical term or geographic name as entry element SANTA VANGAMAYA
650 ## - SUBJECT ADDED ENTRY--TOPICAL TERM
Topical term or geographic name as entry element DNYANESHWARI
942 ## - ADDED ENTRY ELEMENTS (KOHA)
Koha item type Book
Holdings
Withdrawn status Lost status Damaged status Not for loan Home library Current library Date acquired Total Checkouts Barcode Date last seen Price effective from
        Institute For Oriental Study, Thane Institute For Oriental Study, Thane 12/02/2009   IOS-18109 12/02/2009 12/02/2009